00411pab a2200145 454500008004000000100002000040245007300060260000900133300001400142362000800156650002600164650002300190700001700213773003500230180718b2008 xxu||||| |||| 00| 0 eng d aGirma, Sourafel aFDI, linkages and the efficiency of state-owned enterprises in China c2008 ap.728-49. aMay aPublic sector - China aForeign investment aGong, Yundan aJournal of Development Studies